000 00478nam a2200169Ia 4500
008 090711s9999 xx 000 0 und d
082 _b54313
100 _aपानवलकर श्री. दा.
245 _aशूटिंग
260 _c1985
300 _a96
600 _aपानवलकर श्री. दा.
630 _aशूटिंग
700 _aपानवलकर श्री. दा.
730 _aशूटिंग
942 _cBOOK
999 _c308203
_d308203